| 000 | 00476nam a2200169Ia 4500 | ||
|---|---|---|---|
| 005 | 20251020182611.0 | ||
| 008 | 200515s9999 xx 000 0 und d | ||
| 082 | _aSC/631.316/C31/1991 | ||
| 110 | _aCaterpillar | ||
| 245 | 0 | _aCaterpillar Performance Handbook | |
| 250 | _a22a ed. | ||
| 260 | _c1991 | ||
| 520 | _aManual de la capacidad de las maquinarias para movimiento de tierras de Caterpillar | ||
| 650 | _aMANUALES | ||
| 650 | _aMAQUINARIAS Y EQUIPOS | ||
| 942 | _cLIB | ||
| 999 |
_c3332 _d3332 |
||